Countries On The World Map If Islands Didn't Exist - Statistics

General Stats
  • This quiz has been taken 569 times
    538 since last reset
  • The average score is 138 of 150
Answers on the Map
Answers color-coded by a green-red scale on the quiz's map according to % correct below.
 
Answer Stats
Continent Country % Correct
North America Canada
98%
North America United States
98%
North America Mexico
97%
Oceania Australia
96%
South America Brazil
96%
Asia China
96%
Europe France
96%
North America Panama
96%
Europe Russia
96%
Europe Spain
96%
Europe United Kingdom (Gibraltar)
96%
South America Argentina
95%
South America Chile
95%
South America Colombia
95%
Europe Denmark
95%
Europe Finland
95%
North America Guatemala
95%
Asia India
95%
Asia Iran
95%
Europe Italy
95%
Asia Kazakhstan
95%
Asia Mongolia
95%
Europe Norway
95%
South America Peru
95%
Europe Poland
95%
Europe Portugal
95%
Asia Saudi Arabia
95%
Europe Sweden
95%
Asia Turkey
95%
Europe Ukraine
95%
South America Uruguay
95%
South America Venezuela
95%
Africa Algeria
94%
Europe Austria
94%
Europe Belgium
94%
South America Bolivia
94%
South America Ecuador
94%
Africa Egypt
94%
North America El Salvador
94%
Europe Estonia
94%
Europe Germany
94%
Europe Greece
94%
North America Honduras
94%
Europe Hungary
94%
Asia Iraq
94%
Africa Libya
94%
Asia Nepal
94%
Europe Netherlands
94%
North America Nicaragua
94%
Asia North Korea
94%
Asia Oman
94%
Asia Pakistan
94%
South America Paraguay
94%
Europe Slovakia
94%
Africa South Africa
94%
Asia South Korea
94%
Asia Vietnam
94%
Asia Afghanistan
93%
Europe Albania
93%
Asia Azerbaijan
93%
Asia Bangladesh
93%
Europe Belarus
93%
North America Belize
93%
North America Costa Rica
93%
Europe Czech Republic
93%
Africa D. R. Congo
93%
Africa Ethiopia
93%
South America Guyana
93%
Asia Israel
93%
Asia Jordan
93%
Asia Laos
93%
Europe Latvia
93%
Europe Lithuania
93%
Africa Morocco
93%
Africa Niger
93%
Africa Nigeria
93%
Asia Qatar
93%
Europe Slovenia
93%
Africa Sudan
93%
South America Suriname
93%
Europe Switzerland
93%
Asia Syria
93%
Asia United Arab Emirates
93%
Asia Yemen
93%
Europe Andorra
92%
Europe Bulgaria
92%
Asia Cambodia
92%
Africa Chad
92%
Europe Croatia
92%
Africa Ghana
92%
Asia Kyrgyzstan
92%
Asia Lebanon
92%
Europe Luxembourg
92%
Asia Malaysia
92%
Asia Myanmar
92%
Europe North Macedonia
92%
Africa R. Congo
92%
Europe Romania
92%
Europe Serbia
92%
Africa Somalia
92%
Africa South Sudan
92%
Asia Tajikistan
92%
Asia Thailand
92%
Africa Tunisia
92%
Asia Turkmenistan
92%
Asia Uzbekistan
92%
Asia Armenia
91%
Asia Bhutan
91%
Europe Bosnia and Herzegovina
91%
Asia Georgia
91%
Africa Kenya
91%
Europe Kosovo
91%
Africa Angola
90%
Europe Liechtenstein
90%
Africa Mali
90%
Europe Moldova
90%
Europe Montenegro
90%
Africa Senegal
90%
Europe Vatican City
90%
Africa Zambia
90%
Africa Zimbabwe
90%
Africa Botswana
89%
Africa Cameroon
89%
Africa Central African Republic
89%
Africa Eritrea
89%
Africa Guinea
89%
Africa Ivory Coast
89%
Asia Kuwait
89%
Africa Lesotho
89%
Africa Liberia
89%
Europe Monaco
89%
Africa Mozambique
89%
Africa Namibia
89%
Africa Rwanda
89%
Europe San Marino
89%
Africa Tanzania
89%
Africa Uganda
89%
Africa Djibouti
87%
Africa Eswatini
87%
Africa Gambia
87%
Africa Mauritania
87%
Africa Togo
87%
Africa Benin
86%
Africa Burkina Faso
86%
Africa Burundi
86%
Africa Equatorial Guinea
86%
Africa Guinea-Bissau
86%
Africa Malawi
86%
Africa Gabon
85%
Africa Sierra Leone
84%
No matching quizzes found
Score Distribution
Percent of People with Each Score
Percentile by Number Answered
Your Score History
You have not taken this quiz since the last reset